000 00379cam a22001217a 4500
008 180718b1984 xxu||||| |||| 00| 0 eng d
082 _aL2x5441 R18
100 _aRao, M. Govinda
245 _aEntry tax as an alternative to octroi
_cby M.Govinda Rao
260 _aNew Delhi
_bNational institute of public finance
_c1984
300 _aviii,114p
650 _aOctroi --India --Gujarat.
999 _c409770
_d409770